000 01090cam a2200301 4500
001 WS114251
008 010822n 000 0 eng u
035 _a(Sirsi) u114251
245 _aSafety-now
520 _aWeb site describing itself as 'the industry website for health and safety professionals'. Includes news, job adverts, legal guidance and topical features and gives a good list of links.
650 _aACCIDENT PREVENTION
650 _aCONSTRUCTION INDUSTRY
650 _aERGONOMICS
650 _aFIRE PREVENTION
650 _aHAZARDOUS SUBSTANCES
650 _aOCCUPATIONAL HEALTH
650 _aCONSTRUCTION (DESIGN AND MANAGEMENT) REGULATIONS 1994
650 _aCONSTRUCTION (HEALTH, SAFETY AND WELFARE) REGULATIONS 1996
650 _aCONTAMINATED LAND
650 _aWASTE MANAGEMENT
650 _aENERGY
_96237
650 _aWATER
650 _aCOMAH REGULATIONS
650 _aGAS APPLIANCES
690 _aMANAGEMENT-HEALTH AND SAFETY
856 4 0 _uhttps://www.safety-now.co.uk
_zView the website free of charge at www.safety-now.co.uk...
942 _n0
999 _c119856
_d119856